Dekh Kabira roya part 1 / (Record no. 43822)
[ view plain ]
| 000 -LEADER | |
|---|---|
| fixed length control field | 01158njm a22002897a 4500 |
| 005 - DATE AND TIME OF LATEST TRANSACTION | |
| control field | 20100904141433.0 |
| 007 - PHYSICAL DESCRIPTION FIXED FIELD--GENERAL INFORMATION | |
| fixed length control field | sd ammalaaahaa |
| 008 - FIXED-LENGTH DATA ELEMENTS--GENERAL INFORMATION | |
| fixed length control field | 100830t xxu||||| |||| 00| 0 hin d |
| 028 ## - PUBLISHER NUMBER | |
| Publisher number | N. 52204 |
| Source | His Master's voice |
| 028 ## - PUBLISHER NUMBER | |
| Publisher number | OJE. 10334 |
| Source | His Master's voice |
| 028 ## - PUBLISHER NUMBER | |
| Publisher number | OJE. 10158 |
| Source | His Master's voice |
| 035 ## - SYSTEM CONTROL NUMBER | |
| System control number | GR-643 |
| 040 ## - CATALOGING SOURCE | |
| Original cataloging agency | SED/VEN |
| 100 ## - MAIN ENTRY--PERSONAL NAME | |
| 9 (RLIN) | 17458 |
| Personal name | Mangeskar, Lata |
| 245 ## - TITLE STATEMENT | |
| Title | Dekh Kabira roya part 1 / |
| Medium | [Sound recording] : |
| Statement of responsibility, etc | by Lata Mangeskar |
| 246 ## - VARYING FORM OF TITLE | |
| Title proper/short title | देख कबीरा रोया (लता मंगेशकर) |
| 260 ## - PUBLICATION, DISTRIBUTION, ETC. (IMPRINT) | |
| Place of publication, distribution, etc | Dum Dum, India |
| Name of publisher, distributor, etc | His Master's Voice |
| 300 ## - PHYSICAL DESCRIPTION | |
| Extent | 1 Sound disc [Gramophone Record] : |
| Other physical details | anlog, 33 1/3 rpm |
| Dimensions | 10 in (LP) |
| Type of unit | Gramophone Records |
| 500 ## - GENERAL NOTE | |
| General note | Brief record |
| 505 ## - FORMATTED CONTENTS NOTE | |
| Formatted contents note | Meri bina tum bin roye, Aashko se tera hamne (मेरी बिना तुम बिन रोये) (आशको से तेरा हमने) पात्र. 2 |
| 650 ## - SUBJECT ADDED ENTRY--TOPICAL TERM | |
| Topical term or geographic name as entry element | Orkectra |
| 9 (RLIN) | 1186 |
| Geographic subdivision | India |
| General subdivision | Excerpts |
| 650 ## - SUBJECT ADDED ENTRY--TOPICAL TERM | |
| 9 (RLIN) | 18274 |
| 700 ## - ADDED ENTRY--PERSONAL NAME | |
| 9 (RLIN) | 17459 |
| 700 ## - ADDED ENTRY--PERSONAL NAME | |
| 9 (RLIN) | 18096 |
| 942 ## - ADDED ENTRY ELEMENTS (KOHA) | |
| Source of classification or shelving scheme | Dewey Decimal Classification |
| Item type | Gramaphone Records |
| Withdrawn status | Lost status | Source of classification or shelving scheme | Damaged status | Not for loan | Collection code | Home library | Current library | Date acquired | Source of acquisition | Total Checkouts | Barcode | Date last seen | Copy number | Price effective from | Koha item type |
|---|---|---|---|---|---|---|---|---|---|---|---|---|---|---|---|
| Dewey Decimal Classification | Not For Loan | Non-fiction | Central Library | Central Library | 04/09/2010 | SED/VEN | GR-643 | 04/09/2010 | 1 | 04/09/2010 | Gramaphone Records |
